| 000 | 00528nam a2200169 i 4500 | ||
|---|---|---|---|
| 001 | 83516 | ||
| 003 | ES-MaACL | ||
| 005 | 20230906174837.0 | ||
| 007 | t| | ||
| 008 | 041117s1950 xxu ||||1| eng d | ||
| 100 | 1 |
_aJackson, Holbrook. _965812 |
|
| 245 | 1 | 4 |
_aThe Eighteen Nineties _b: a review of art and ideas at the close / _cHolbrook Jackson. |
| 250 | _a[1st ed.]. | ||
| 260 |
_aMiddlesex : _bPenguin Books, _c[1950] ( _eHarmondsworth : _fC. Nicholls) |
||
| 300 |
_a317 p. ; _c19 cm. |
||
| 852 |
_aES-MaACL _jB-13492 _bR.29627 |
||
| 999 |
_c83516 _d83516 |
||